<?xml version="1.0" encoding="UTF-8"?>
<record
    xmlns:xsi="http://www.w3.org/2001/XMLSchema-instance"
    xsi:schemaLocation="http://www.loc.gov/MARC21/slim http://www.loc.gov/standards/marcxml/schema/MARC21slim.xsd"
    xmlns="http://www.loc.gov/MARC21/slim">

  <leader>02027nam a2200313Ia 4500</leader>
  <controlfield tag="001">D1266</controlfield>
  <controlfield tag="003">IT-RoPAU</controlfield>
  <controlfield tag="008">130308s9999    xx            000 0 und d</controlfield>
  <datafield tag="040" ind1=" " ind2=" ">
    <subfield code="a">IT-RoPAU</subfield>
  </datafield>
  <datafield tag="040" ind1=" " ind2=" ">
    <subfield code="c">IT-RoPAU</subfield>
  </datafield>
  <datafield tag="041" ind1=" " ind2=" ">
    <subfield code="a">ITALIANO</subfield>
  </datafield>
  <datafield tag="100" ind1=" " ind2=" ">
    <subfield code="a">Hoy David C.</subfield>
  </datafield>
  <datafield tag="100" ind1=" " ind2=" ">
    <subfield code="g">Codice Aut. SPICS: 43693</subfield>
  </datafield>
  <datafield tag="240" ind1=" " ind2=" ">
    <subfield code="a">CRITICAL CIRCLE (THE): LITERATURE, HISTORY, AND PHILOSOPHICAL HERMENEUTICS</subfield>
  </datafield>
  <datafield tag="240" ind1=" " ind2=" ">
    <subfield code="g">Codice Tit. Orig. Spics: T2878</subfield>
  </datafield>
  <datafield tag="245" ind1=" " ind2=" ">
    <subfield code="a">Circolo ermeneutico (Il): Letteratura, storia ed ermeneutica filosofica </subfield>
  </datafield>
  <datafield tag="245" ind1=" " ind2=" ">
    <subfield code="b">Circolo Ermeneutico (Il): Letteratura, storia ed Ermeneutica Filosofica</subfield>
  </datafield>
  <datafield tag="250" ind1=" " ind2=" ">
    <subfield code="a">1a ed.</subfield>
  </datafield>
  <datafield tag="260" ind1=" " ind2=" ">
    <subfield code="a">BOLOGNA</subfield>
  </datafield>
  <datafield tag="260" ind1=" " ind2=" ">
    <subfield code="b">Il Mulino</subfield>
  </datafield>
  <datafield tag="260" ind1=" " ind2=" ">
    <subfield code="c">1990 [1&#xB0; Ed.:1990 - Ed.Ling.Originale:1978]</subfield>
  </datafield>
  <datafield tag="300" ind1=" " ind2=" ">
    <subfield code="a">"220 p. (prefazione: no ; testo: 220)"</subfield>
  </datafield>
  <datafield tag="500" ind1=" " ind2=" ">
    <subfield code="a">Validit&#xE0; e intenzione dell'Autore: una Critica dell'Ermeneutica di Eric D. Hirsch: Significato e Significanza, Significato e Coscienza. Natura Dellacomprensione: Ermeneutica Filosofica di Hans Georg Gadamer: Due Concezionidell'Ermeneutica in Conflitto, Limiti dell'Oggettivit&#xE0;, Comprensione Interpretazione e Applicazione, Comprensione e Linguaggio, Comprensione e Phronesis, Oltre Il Relativismo?. testo  e Contesto: straniamento della Scrittura: Scacchiera Infinita di Derrida, Immanenza e Referenza: Arco Ermeneutico di Ricoeur, Appropriazione, Storicit&#xE0; dell'Interpretazione. Verit&#xE0; e Critica: Storicit&#xE0; dell'arte , Verit&#xE0; Ermeneutica e Verit&#xE0; Trascendentale: Karl Otto Apel, Dibattito tra Gadamer e Habermas, Ermeneutica Come Critica. Hermes e Clio: Storia Letteraria: paradosso o Paradigma?, Oltre Lo Storicismo?, Storia o Letteratura, Gadamer contro Barthes, Comune Natura dei Testi Sotirci e Letterari, Ermeneutica e Critica Pratica: Jauss, Staiger, Riffaterre, Fish, paradosso della Modernita': Harold Bloom, Storia Letteraria e Circolo Ermeneutico: una Sinossi.</subfield>
  </datafield>
  <datafield tag="650" ind1=" " ind2=" ">
    <subfield code="a">FILOSOFIA LINGUISTICA</subfield>
  </datafield>
  <datafield tag="650" ind1=" " ind2=" ">
    <subfield code="e">Codice materia Spics: 3101</subfield>
  </datafield>
  <datafield tag="942" ind1=" " ind2=" ">
    <subfield code="c">BK</subfield>
  </datafield>
  <datafield tag="957" ind1=" " ind2=" ">
    <subfield code="7">1</subfield>
  </datafield>
  <datafield tag="999" ind1=" " ind2=" ">
    <subfield code="c">87741</subfield>
    <subfield code="d">87741</subfield>
  </datafield>
  <datafield tag="999" ind1=" " ind2=" ">
    <subfield code="g">1</subfield>
  </datafield>
  <datafield tag="952" ind1=" " ind2=" ">
    <subfield code="0">0</subfield>
    <subfield code="1">0</subfield>
    <subfield code="4">0</subfield>
    <subfield code="6">D_000000000000000_1266</subfield>
    <subfield code="7">1</subfield>
    <subfield code="a">SPICS</subfield>
    <subfield code="b">SPICS</subfield>
    <subfield code="d">2013-03-08</subfield>
    <subfield code="l">0</subfield>
    <subfield code="o">D1266</subfield>
    <subfield code="r">2013-03-08 00:00:00</subfield>
    <subfield code="w">2013-03-08</subfield>
    <subfield code="y">BK</subfield>
    <subfield code="z">Progressivo inserimento:  1773 /  N. Volumi: 1 Copie: 1  / data import: 1 marzo 2013 - By Epidotti, Trombetti, Vaglietti. </subfield>
  </datafield>
</record>
